| 000 | 00550nam a22001937a 4500 | ||
|---|---|---|---|
| 005 | 20240801101844.0 | ||
| 010 | _aENG-140804 | ||
| 020 |
_a9789381382127 _c400.00 |
||
| 035 | _aEN-124336 | ||
| 037 | _bDBAD | ||
| 082 |
_a920 _21 |
||
| 100 |
_aSaran, Renu _969130 |
||
| 245 |
_aGreat Personalities of The World/ _cBy Renu Saran |
||
| 250 | _a1 | ||
| 260 |
_aUttar Pradesh _bAmrita Books _c2011 |
||
| 270 |
_aPlot No. 231, Sector-15A _bUttar Pradesh _e201301 |
||
| 300 |
_a302p. _c22cm(hb) _bill. |
||
| 942 |
_2ddc _cEN _h920 _mSAR _e1 |
||
| 999 |
_c204663 _d204663 |
||